[Event "ESP tch Segunda División 2014"]
[Site "Linares ESP"]
[Date "2014.08.19"]
[Round "2.3"]
[White "Ivanov, Jordan"]
[Black "Ladron de Guevara Pinto, Paolo"]
[Result "1/2-1/2"]
[WhiteElo "2359"]
[BlackElo "2355"]
[PlyCount "64"]
[EventDate "2014.08.18"]
[EventType "team-swiss"]
[EventRounds "6"]
[EventCountry "ESP"]
[Source "lmi"]
[SourceDate "2014.08.18"]
[WhiteTeam "HOTELAN.COM - BINISSALEM"]
[BlackTeam "CLUB AJEDREZ NAZARI"]

1. c4 e5 2. Nc3 f5 3. g3 Nf6 4. Bg2 Nc6 5. a3 a5 6. d3 Bc5 7. e3 O-O 8. Nge2 d6
9. O-O Qe8 10. Nd5 Nxd5 11. cxd5 Nb8 12. d4 Bb6 13. dxe5 Qxe5 14. Qc2 Nd7 15.
Bd2 a4 16. Bc3 Qe7 17. Bd4 Nc5 18. Rad1 Bd7 19. Nf4 Bb5 20. Rfe1 Ba5 21. Bc3
Bxc3 22. Qxc3 Rae8 23. Qb4 Bd7 24. Bf1 Qf6 25. Qd4 Qf7 26. Bg2 Re7 27. Nd3 b6
28. Nb4 Qg6 29. Qc3 Rfe8 30. Rd4 Qf6 31. Rc4 Qg6 32. Rd4 Qf6 1/2-1/2

[Event "ESP tch Segunda División 2014"]
[Site "Linares ESP"]
[Date "2014.08.19"]
[Round "2.3"]
[White "Nadal Marti, Bernardo Pedro"]
[Black "Cuenca Jimenez, Francisco Javier"]
[Result "0-1"]
[WhiteElo "1932"]
[BlackElo "2172"]
[PlyCount "81"]
[EventDate "2014.08.18"]
[EventType "team-swiss"]
[EventRounds "6"]
[EventCountry "ESP"]
[Source "lmi"]
[SourceDate "2014.08.18"]
[WhiteTeam "HOTELAN.COM - BINISSALEM"]
[BlackTeam "CLUB AJEDREZ NAZARI"]

1. d4 d6 2. c4 g6 3. e4 Bg7 4. Nc3 e6 5. Nf3 Nd7 6. Bg5 Ne7 7. Qd2 h6 8. Be3 b6
9. Bd3 Bb7 10. O-O a6 11. Rab1 c6 12. b4 e5 13. dxe5 dxe5 14. Qc2 O-O 15. c5 b5
16. Nd2 f5 17. f4 Nf6 18. Kh1 Ng4 19. Bg1 exf4 20. Rxf4 g5 21. Rff1 Ne5 22. Be2
f4 23. Nf3 Nxf3 24. Bxf3 Ng6 25. Rbd1 Qe7 26. Ne2 Ne5 27. Nd4 g4 28. Be2 Bc8
29. Nf5 Bxf5 30. exf5 Qg5 31. Bd3 g3 32. Be4 Qh4 33. Bf3 h5 34. Rd6 Nc4 35. Rg6
Ne3 36. Qb3+ Kh8 37. Re1 gxh2 38. Re2 hxg1=Q+ 39. Kxg1 Nxf5 40. Bxc6 Ng3 41.
Qd1 0-1

[Event "ESP tch Segunda División 2014"]
[Site "Linares ESP"]
[Date "2014.08.19"]
[Round "2.4"]
[White "Gonzalez Benavides, Jose Antonio"]
[Black "Ibarra Jerez, Juan Miguel"]
[Result "0-1"]
[WhiteElo "2079"]
[BlackElo "2249"]
[PlyCount "58"]
[EventDate "2014.08.18"]
[EventType "team-swiss"]
[EventRounds "6"]
[EventCountry "ESP"]
[Source "lmi"]
[SourceDate "2014.08.18"]
[WhiteTeam "CLUB DE AJEDREZ ALBATROS"]
[BlackTeam "INTERNATIONAL TOTANA CHESS CLUB"]

1. e4 c5 2. Nf3 d6 3. d4 cxd4 4. Nxd4 Nf6 5. Nc3 a6 6. Be2 e6 7. O-O Qc7 8. f4
Nc6 9. Be3 Be7 10. Kh1 O-O 11. Qe1 Nxd4 12. Bxd4 e5 13. fxe5 dxe5 14. Qg3 Nd7
15. Nd5 Qd6 16. Bc3 Bd8 17. Bb4 Nc5 18. Rad1 Qc6 19. Qxe5 Re8 20. Qf4 Be6 21.
c4 Nxe4 22. Bf3 Bxd5 23. cxd5 Qg6 24. Rde1 Nf6 25. Rxe8+ Nxe8 26. Be4 Qf6 27.
Bxh7+ Kh8 28. Bd3 Bc7 29. Qg4 Qh6 0-1

[Event "ESP tch Segunda División 2014"]
[Site "Linares ESP"]
[Date "2014.08.19"]
[Round "2.4"]
[White "Ibarra Jerez, Jose Carlos"]
[Black "Gallardo Retortillo, Enrique"]
[Result "1-0"]
[WhiteElo "2521"]
[BlackElo "2181"]
[PlyCount "45"]
[EventDate "2014.08.18"]
[EventType "team-swiss"]
[EventRounds "6"]
[EventCountry "ESP"]
[Source "lmi"]
[SourceDate "2014.08.18"]
[WhiteTeam "INTERNATIONAL TOTANA CHESS CLUB"]
[BlackTeam "CLUB DE AJEDREZ ALBATROS"]

1. e4 e5 2. Nf3 Nf6 3. d4 Nxe4 4. Bd3 d5 5. Nxe5 Nd7 6. Nc3 Bb4 7. O-O Ndf6 8.
Qf3 O-O 9. Nd1 Bd2 10. Ne3 Bxc1 11. Rfxc1 Qd6 12. c3 c5 13. Qd1 Re8 14. Qa4 Re7
15. f3 Ng5 16. h4 Rxe5 17. dxe5 Qxe5 18. Re1 Ne6 19. Ng4 Qh5 20. Nxf6+ gxf6 21.
Qe8+ Nf8 22. Qd8 Kg7 23. Re8 1-0

[Event "ESP tch Segunda División 2014"]
[Site "Linares ESP"]
[Date "2014.08.19"]
[Round "2.4"]
[White "Tudela Corbalan, Carlos"]
[Black "Gonzalez Sanchez, Jose"]
[Result "1/2-1/2"]
[WhiteElo "2189"]
[BlackElo "1689"]
[PlyCount "102"]
[EventDate "2014.08.18"]
[EventType "team-swiss"]
[EventRounds "6"]
[EventCountry "ESP"]
[Source "lmi"]
[SourceDate "2014.08.18"]
[WhiteTeam "INTERNATIONAL TOTANA CHESS CLUB"]
[BlackTeam "CLUB DE AJEDREZ ALBATROS"]

1. b3 e5 2. Bb2 Nc6 3. e3 d5 4. Bb5 Bd6 5. f4 Qe7 6. Nf3 Bg4 7. h3 Bxf3 8. Qxf3
Nf6 9. O-O O-O 10. Bxc6 bxc6 11. f5 e4 12. Qe2 c5 13. g4 Nd7 14. Nc3 c6 15. d3
exd3 16. cxd3 Rfe8 17. e4 Qh4 18. Qg2 d4 19. Ne2 Ne5 20. Rad1 f6 21. Bc1 Nf7
22. Bf4 Ng5 23. Kh2 Be5 24. Qg3 Qxg3+ 25. Kxg3 a5 26. Rc1 a4 27. Rxc5 axb3 28.
axb3 Ra3 29. Nc1 Bxf4+ 30. Rxf4 Nf7 31. Rxc6 Ne5 32. Rc7 Rb8 33. Rf2 Nxd3 34.
Nxd3 Rbxb3 35. Kf4 Rxd3 36. e5 fxe5+ 37. Kxe5 Re3+ 38. Kf4 h6 39. Rb2 Rf3+ 40.
Ke4 Rfe3+ 41. Kd5 Rac3 42. Ra7 d3 43. f6 Rc8 44. Rxg7+ Kf8 45. Rd7 Ree8 46. Rd2
Re3 47. Kd4 Rxh3 48. Ke5 Rf3 49. R2xd3 Re8+ 50. Kd5 Rxd3+ 51. Kc6 Re6+ 1/2-1/2

[Event "ESP tch Segunda División 2014"]
[Site "Linares ESP"]
[Date "2014.08.19"]
[Round "2.5"]
[White "Cenal Gutierrez, Ruben"]
[Black "Ribera Cebolla, Marc"]
[Result "0-1"]
[WhiteElo "2224"]
[BlackElo "2059"]
[PlyCount "54"]
[EventDate "2014.08.18"]
[EventType "team-swiss"]
[EventRounds "6"]
[EventCountry "ESP"]
[Source "lmi"]
[SourceDate "2014.08.18"]
[WhiteTeam "REAL GRUPO DE CULTURA COVADONGA"]
[BlackTeam "C.A. ALZIRA"]

1. e4 c5 2. Nf3 e6 3. d4 cxd4 4. Nxd4 a6 5. c4 Qc7 6. Nc3 Nf6 7. Be2 b6 8. Be3
Bb4 9. Nc2 Bxc3+ 10. bxc3 d6 11. f3 Nc6 12. O-O Bb7 13. Rb1 Nd7 14. Qe1 Nce5
15. Qg3 Rg8 16. Nd4 g5 17. f4 Nxc4 18. f5 e5 19. Ne6 Qc6 20. Bxg5 h6 21. Qd3
hxg5 22. Qxc4 Qxc4 23. Bxc4 Rc8 24. Bd5 Bxd5 25. exd5 Ke7 26. f6+ Nxf6 27. Rxb6
Nxd5 0-1

[Event "ESP tch Segunda División 2014"]
[Site "Linares ESP"]
[Date "2014.08.19"]
[Round "2.5"]
[White "Cruz Lledo, Pablo"]
[Black "Alvarez Fernandez, Enrique"]
[Result "0-1"]
[WhiteElo "2371"]
[BlackElo "2355"]
[PlyCount "129"]
[EventDate "2014.08.18"]
[EventType "team-swiss"]
[EventRounds "6"]
[EventCountry "ESP"]
[Source "lmi"]
[SourceDate "2014.08.18"]
[WhiteTeam "C.A. ALZIRA"]
[BlackTeam "REAL GRUPO DE CULTURA COVADONGA"]

1. d4 d5 2. c4 c6 3. Nf3 Nf6 4. Nc3 dxc4 5. a4 Bf5 6. e3 e6 7. Bxc4 Bb4 8. O-O
O-O 9. Qe2 Nbd7 10. Rd1 h6 11. Na2 Be7 12. b4 Nb6 13. Bb3 Nbd5 14. Bd2 Ne4 15.
Be1 Bg4 16. h3 Bh5 17. g4 Bg6 18. Ne5 Bh7 19. f3 Nef6 20. e4 Nf4 21. Qh2 Ng6
22. Nc4 Ne8 23. b5 cxb5 24. axb5 Nd6 25. Nxd6 Bxd6 26. e5 Bc7 27. f4 Bb6 28.
Bf2 Ne7 29. Qg2 Qd7 30. Nc3 Rac8 31. Qf3 Rfd8 32. Kh2 Kh8 33. Rac1 Ba5 34. d5
exd5 35. Bxd5 Nxd5 36. Rxd5 Rxc3 37. Rxd7 Rxf3 38. Rxd8+ Bxd8 39. Bxa7 Ra3 40.
Rc8 Rxa7 41. Rxd8+ Bg8 42. f5 b6 43. Kg3 Kh7 44. Rb8 Ra3+ 45. Kf4 Rxh3 46. Rxb6
g5+ 47. fxg6+ fxg6 48. e6 Kg7 49. e7 Bf7 50. Rb8 Rb3 51. e8=Q Bxe8 52. Rxe8 g5+
53. Ke4 Rxb5 54. Kf3 Rb3+ 55. Kg2 Kf6 56. Kf2 Rb5 57. Kf3 Rb3+ 58. Kf2 Rb7 59.
Kf3 Re7 60. Ra8 Re6 61. Rb8 Rd6 62. Re8 Kf7 63. Rh8 Kg7 64. Re8 Kf7 65. Ke4 0-1

[Event "ESP tch Segunda División 2014"]
[Site "Linares ESP"]
[Date "2014.08.19"]
[Round "2.5"]
[White "Fidalgo Fernandez, Javier"]
[Black "Sanchez Saez, Francisco"]
[Result "1-0"]
[WhiteElo "2271"]
[BlackElo "2319"]
[PlyCount "93"]
[EventDate "2014.08.18"]
[EventType "team-swiss"]
[EventRounds "6"]
[EventCountry "ESP"]
[Source "lmi"]
[SourceDate "2014.08.18"]
[WhiteTeam "REAL GRUPO DE CULTURA COVADONGA"]
[BlackTeam "C.A. ALZIRA"]

1. e4 g6 2. Nf3 Bg7 3. d4 d6 4. Nc3 Nf6 5. Be2 O-O 6. O-O Nc6 7. d5 Nb8 8. Be3
e6 9. dxe6 Bxe6 10. Nd4 Bd7 11. Qd2 Nc6 12. f3 Re8 13. Rad1 a6 14. Nxc6 Bxc6
15. Bg5 Qe7 16. Rf2 Qe5 17. Bc4 Rac8 18. Bb3 b5 19. Bf4 Qh5 20. Ne2 Bb7 21. Bg5
h6 22. Be3 g5 23. c4 Nd7 24. Ng3 Qg6 25. Nf5 Bf8 26. h4 bxc4 27. Bxc4 Ne5 28.
Bd5 Bxd5 29. Qxd5 g4 30. h5 Qxh5 31. f4 c6 32. Qb3 Rb8 33. Qa4 g3 34. Nxg3 Qg4
35. fxe5 Qxg3 36. Bf4 Qg6 37. Rd3 Kh7 38. Rg3 Qe6 39. exd6 Qxe4 40. Qxa6 Rb5
41. Re3 Qxe3 42. Bxe3 Rxe3 43. Qxc6 Rbe5 44. Rxf7+ Kg8 45. Rf1 Re8 46. Qd5+ Kh8
47. Rxf8+ 1-0

[Event "ESP tch Segunda División 2014"]
[Site "Linares ESP"]
[Date "2014.08.19"]
[Round "2.5"]
[White "Rubio Tent, Francisco"]
[Black "Fernandez Torre, Ivan"]
[Result "0-1"]
[WhiteElo "2223"]
[BlackElo "2233"]
[PlyCount "72"]
[EventDate "2014.08.18"]
[EventType "team-swiss"]
[EventRounds "6"]
[EventCountry "ESP"]
[Source "lmi"]
[SourceDate "2014.08.18"]
[WhiteTeam "C.A. ALZIRA"]
[BlackTeam "REAL GRUPO DE CULTURA COVADONGA"]

1. e4 c5 2. Nf3 e6 3. d4 cxd4 4. Nxd4 a6 5. Be2 Qc7 6. O-O Nf6 7. Nc3 d6 8. f4
Bd7 9. Kh1 Nc6 10. Bf3 Be7 11. a4 Rc8 12. Nb3 Na5 13. Nxa5 Qxa5 14. Qe1 Bc6 15.
Qg3 O-O 16. Bd2 Qb6 17. b3 Qd4 18. Qe1 Rfe8 19. Rd1 Qb6 20. Be3 Qc7 21. Qg3 Bf8
22. Rd3 Nd7 23. Rfd1 b5 24. axb5 axb5 25. e5 Bxf3 26. exd6 Qa5 27. Qxf3 Rxc3
28. Qb7 Rxd3 29. cxd3 Rd8 30. Qc6 Qa8 31. Qxb5 Bxd6 32. Rc1 Qb8 33. Qa4 Nb6 34.
Qa6 Nd5 35. Ba7 Qa8 36. Rc6 Nb4 0-1

[Event "ESP tch Segunda División 2014"]
[Site "Linares ESP"]
[Date "2014.08.19"]
[Round "2.6"]
[White "Clement Gomez, Jose A"]
[Black "Aranaz Murillo, Amalia"]
[Result "0-1"]
[WhiteElo "2381"]
[BlackElo "2314"]
[PlyCount "82"]
[EventDate "2014.08.18"]
[EventType "team-swiss"]
[EventRounds "6"]
[EventCountry "ESP"]
[Source "lmi"]
[SourceDate "2014.08.18"]
[WhiteTeam "C.A. ENRIC VALOR FIGUERAS PACHECO"]
[BlackTeam "ALEKHINE ESPARTINAS"]

1. c4 e5 2. g3 Nf6 3. Bg2 h6 4. b3 Bc5 5. Bb2 O-O 6. e3 Re8 7. Ne2 c6 8. O-O
Bf8 9. d4 e4 10. d5 cxd5 11. cxd5 d6 12. Nbc3 Na6 13. Rc1 Bf5 14. Nb5 Qd7 15.
Bxf6 Qxb5 16. Nc3 Qa5 17. Bd4 Nb4 18. f3 exf3 19. Qxf3 Bg6 20. e4 Rac8 21. h4
h5 22. Bh3 Rc7 23. Rfe1 Rce7 24. Bf2 Nxa2 25. b4 Nxb4 26. Ra1 Qc7 27. Rxa7 Na6
28. Rb1 Nc5 29. Bf5 Qb8 30. Ra5 Nxe4 31. Nxe4 Rxe4 32. Bxg6 fxg6 33. Rab5 R4e7
34. Qd3 Kh7 35. g4 Qc8 36. gxh5 Qg4+ 37. Kf1 Qxh5 38. Rxb7 Re3 39. Qd1 Qf5 40.
R7b3 R3e5 41. Rd3 Re1+ 0-1

[Event "ESP tch Segunda División 2014"]
[Site "Linares ESP"]
[Date "2014.08.19"]
[Round "2.6"]
[White "Lopez Gonzalez, Daniel"]
[Black "Sanchez Dengra, Barbara"]
[Result "1-0"]
[WhiteElo "2239"]
[BlackElo "1947"]
[PlyCount "59"]
[EventDate "2014.08.18"]
[EventType "team-swiss"]
[EventRounds "6"]
[EventCountry "ESP"]
[Source "lmi"]
[SourceDate "2014.08.18"]
[WhiteTeam "ALEKHINE ESPARTINAS"]
[BlackTeam "C.A. ENRIC VALOR FIGUERAS PACHECO"]

1. d4 d5 2. c4 c6 3. Nf3 Nf6 4. Nc3 dxc4 5. a4 Bf5 6. Nh4 Bc8 7. e3 Bg4 8. Nf3
e6 9. Bxc4 Nbd7 10. O-O Bb4 11. h3 Bh5 12. Qe2 Nb6 13. Bd3 O-O 14. Rd1 Qe7 15.
a5 Nbd5 16. Bd2 c5 17. a6 cxd4 18. exd4 Rac8 19. axb7 Qxb7 20. Ba6 Qd7 21. Bxc8
Rxc8 22. Rdc1 a5 23. Nxd5 Nxd5 24. Rxc8+ Qxc8 25. Rc1 Qd7 26. Bxb4 axb4 27. Qb5
Qd8 28. Qb7 Ne7 29. Ra1 Bxf3 30. gxf3 1-0

[Event "ESP tch Segunda División 2014"]
[Site "Linares ESP"]
[Date "2014.08.19"]
[Round "2.6"]
[White "Sanchez Dengra, Jose Maria"]
[Black "Gutierrez Valero, Mario"]
[Result "0-1"]
[WhiteElo "2134"]
[BlackElo "2198"]
[PlyCount "58"]
[EventDate "2014.08.18"]
[EventType "team-swiss"]
[EventRounds "6"]
[EventCountry "ESP"]
[Source "lmi"]
[SourceDate "2014.08.18"]
[WhiteTeam "C.A. ENRIC VALOR FIGUERAS PACHECO"]
[BlackTeam "ALEKHINE ESPARTINAS"]

1. e4 c5 2. Nf3 Nc6 3. d4 cxd4 4. Nxd4 e5 5. Nb5 d6 6. N1c3 a6 7. Na3 Be7 8.
Nc4 b5 9. Ne3 Nf6 10. g3 h5 11. Bg2 h4 12. O-O h3 13. Bh1 O-O 14. Ncd5 Nxd5 15.
Qxd5 Nd4 16. Re1 Be6 17. Qb7 Bg5 18. Rd1 Bxe3 19. Bxe3 Nxc2 20. Rac1 Nxe3 21.
fxe3 Qg5 22. Rc3 Rac8 23. Re1 Rxc3 24. bxc3 Rc8 25. Qxa6 Rxc3 26. Qa7 Rc2 27.
Qb8+ Kh7 28. Qxb5 Bc4 29. Qd7 Qxg3+ 0-1

[Event "ESP tch Segunda División 2014"]
[Site "Linares ESP"]
[Date "2014.08.19"]
[Round "2.6"]
[White "Santos Ruiz, Miguel"]
[Black "Arias Igual, Alejandro"]
[Result "1-0"]
[WhiteElo "2306"]
[BlackElo "2271"]
[PlyCount "66"]
[EventDate "2014.08.18"]
[EventType "team-swiss"]
[EventRounds "6"]
[EventCountry "ESP"]
[Source "lmi"]
[SourceDate "2014.08.18"]
[WhiteTeam "ALEKHINE ESPARTINAS"]
[BlackTeam "C.A. ENRIC VALOR FIGUERAS PACHECO"]

1. e4 c5 2. d4 cxd4 3. c3 d3 4. c4 Nc6 5. Bxd3 d6 6. b3 Nf6 7. Bb2 e6 8. Ne2
Be7 9. O-O O-O 10. Nbc3 a6 11. Qd2 Bd7 12. f4 b5 13. cxb5 axb5 14. Nxb5 Qb6+
15. Kh1 Nxe4 16. Bxe4 Qxb5 17. Nd4 Qa6 18. Nxc6 Bxc6 19. Qc3 Bf6 20. Bxh7+ Kxh7
21. Qh3+ Kg8 22. Bxf6 Qe2 23. Bxg7 Kxg7 24. Qc3+ Kh6 25. Qxc6 Rxa2 26. Rae1 Rc2
27. Qb7 Qd2 28. Rd1 Qe2 29. Rde1 Qd2 30. Rd1 Qe2 31. Rg1 Kg7 32. Qe7 Qh5 33.
Rd3 Qg6 1-0

[Event "ESP tch Segunda División 2014"]
[Site "Linares ESP"]
[Date "2014.08.19"]
[Round "2.7"]
[White "Ortiz Aviles, Javier"]
[Black "Mate Adan, Carlos"]
[Result "0-1"]
[WhiteElo "2071"]
[BlackElo "2267"]
[PlyCount "182"]
[EventDate "2014.08.18"]
[EventType "team-swiss"]
[EventRounds "6"]
[EventCountry "ESP"]
[Source "lmi"]
[SourceDate "2014.08.18"]
[WhiteTeam "REVERTE ALBOX"]
[BlackTeam "CLUB AJEDREZ SALCEDO PIELAGOS"]

1. d4 Nf6 2. Nf3 d6 3. Bf4 g6 4. h3 Bg7 5. e3 O-O 6. Be2 Nc6 7. O-O Nd7 8. Bh2
e5 9. c3 f5 10. b4 e4 11. Nfd2 Qe7 12. Na3 Nf6 13. Qa4 g5 14. b5 Nd8 15. b6 Ne6
16. bxc7 Nd5 17. Qb3 Ndxc7 18. Ndc4 f4 19. exf4 gxf4 20. Bg4 Kh8 21. Qb4 Rd8
22. Rae1 Qf8 23. Nb5 Nxb5 24. Qxb5 Nc7 25. Qa5 b6 26. Qg5 Ba6 27. Be2 Bxc4 28.
Bxc4 d5 29. Bb3 Ne6 30. Qh5 Qd6 31. f3 e3 32. Rxe3 Nxd4 33. Rfe1 Nxb3 34. Re8+
Rxe8 35. Rxe8+ Rxe8 36. Qxe8+ Qf8 37. Qxf8+ Bxf8 38. axb3 Bd6 39. Kf1 Kg7 40.
Ke2 Kf6 41. Kd3 Be5 42. c4 Ke6 43. Bg1 Kd6 44. Bf2 Kc6 45. Bg1 dxc4+ 46. Kxc4
a5 47. Bf2 b5+ 48. Kd3 Kd5 49. Kc2 a4 50. Be1 a3 51. Kb1 Bd6 52. Bc3 b4 53. Bf6
Be5 54. Be7 Bc3 55. Bg5 Be5 56. Be7 Bd6 57. Bf6 h5 58. Bg7 Be7 59. Bh8 Ke6 60.
Bd4 Bd6 61. Bb6 Kd5 62. Ba7 Bc5 63. Bb8 Be3 64. Kc2 Bd2 65. Ba7 Bc3 66. Kb1 Bd4
67. Bb8 Be3 68. Kc2 h4 69. Bc7 Bd4 70. Kb1 Be5 71. Bd8 Kd4 72. Bxh4 Ke3 73. Ka2
Bc3 74. g3 Be1 75. Bg5 Bxg3 76. Be7 Be1 77. h4 Kxf3 78. h5 Kg4 79. h6 f3 80.
Bf6 f2 81. h7 f1=Q 82. h8=Q Qe2+ 83. Ka1 Qd1+ 84. Ka2 Qc2+ 85. Ka1 Kg3 86. Bc3
bxc3 87. b4 Qb1+ 88. Kxb1 Kf4 89. b5 Ke4 90. Ka2 c2 91. Qe5+ Kxe5 0-1

[Event "ESP tch Segunda División 2014"]
[Site "Linares ESP"]
[Date "2014.08.19"]
[Round "2.7"]
[White "Perez Beltran, Jose Maria"]
[Black "Renilla Merchan, Andres"]
[Result "1/2-1/2"]
[WhiteElo "1697"]
[BlackElo "1866"]
[PlyCount "73"]
[EventDate "2014.08.18"]
[EventType "team-swiss"]
[EventRounds "6"]
[EventCountry "ESP"]
[Source "lmi"]
[SourceDate "2014.08.18"]
[WhiteTeam "REVERTE ALBOX"]
[BlackTeam "CLUB AJEDREZ SALCEDO PIELAGOS"]

1. e4 e6 2. d4 d5 3. Nd2 Nf6 4. e5 Nfd7 5. Bd3 c5 6. c3 Nc6 7. Ne2 Be7 8. O-O
Qb6 9. Nf3 Nf8 10. h4 Bd7 11. b3 cxd4 12. cxd4 f5 13. Bd2 Rc8 14. g3 Nb4 15.
Bxb4 Bxb4 16. Rc1 Ng6 17. Rxc8+ Bxc8 18. Qc1 Qd8 19. a3 Ba5 20. b4 Bb6 21. h5
Ne7 22. Nf4 Nc6 23. Qb2 O-O 24. Rc1 Bd7 25. Bb5 Re8 26. Be2 Qe7 27. Kg2 Rc8 28.
Bd3 Nd8 29. Rxc8 Bxc8 30. b5 Nf7 31. Qc3 Qc7 32. Qxc7 Bxc7 33. Kf1 Kf8 34. Ke2
Ke7 35. a4 Bd7 36. Bc2 a6 37. Bd3 1/2-1/2

[Event "ESP tch Segunda División 2014"]
[Site "Linares ESP"]
[Date "2014.08.19"]
[Round "2.7"]
[White "Roqueni Canal, Ramon"]
[Black "Capel Fernandez, Manuel"]
[Result "0-1"]
[WhiteElo "2033"]
[BlackElo "1894"]
[PlyCount "79"]
[EventDate "2014.08.18"]
[EventType "team-swiss"]
[EventRounds "6"]
[EventCountry "ESP"]
[Source "lmi"]
[SourceDate "2014.08.18"]
[WhiteTeam "CLUB AJEDREZ SALCEDO PIELAGOS"]
[BlackTeam "REVERTE ALBOX"]

1. e4 e5 2. Nf3 Nc6 3. Bc4 Nf6 4. d3 Bc5 5. c3 d6 6. h3 a6 7. Bb3 h6 8. O-O Qe7
9. Re1 g5 10. Nh2 g4 11. hxg4 Rg8 12. Be3 Nxg4 13. Qf3 Nxh2 14. Kxh2 Bg4 15.
Qg3 O-O-O 16. Rh1 Rg6 17. Kg1 Be2 18. Qh4 Qd7 19. Qh3 Rdg8 20. Qxd7+ Kxd7 21.
Rh2 Bxe3 22. fxe3 Bxd3 23. Nd2 Nd8 24. Bc4 Bxc4 25. Nxc4 Rf6 26. Nd2 Ne6 27.
Rf1 Rgg6 28. Rf3 Nc5 29. b3 Nxe4 30. Rxf6 Nxf6 31. e4 Ng4 32. Rh3 Ke6 33. Nf3
Rf6 34. Rg3 Rf4 35. Nd2 f5 36. exf5+ Kxf5 37. Rh3 e4 38. Rh5+ Kg6 39. Rd5 e3
40. Nb1 0-1

[Event "ESP tch Segunda División 2014"]
[Site "Linares ESP"]
[Date "2014.08.19"]
[Round "2.7"]
[White "Tejedor Fuentes, Enrique"]
[Black "Galindo Rodriguez, Francisco"]
[Result "0-1"]
[WhiteElo "2293"]
[BlackElo "2235"]
[PlyCount "124"]
[EventDate "2014.08.18"]
[EventType "team-swiss"]
[EventRounds "6"]
[EventCountry "ESP"]
[Source "lmi"]
[SourceDate "2014.08.18"]
[WhiteTeam "CLUB AJEDREZ SALCEDO PIELAGOS"]
[BlackTeam "REVERTE ALBOX"]

1. e4 e6 2. d4 d5 3. Nc3 dxe4 4. Nxe4 Nd7 5. Nf3 Ngf6 6. Bd3 Nxe4 7. Bxe4 Nf6
8. Bg5 Be7 9. Bxf6 Bxf6 10. Qd2 c6 11. O-O-O Bd7 12. g4 g6 13. h4 h5 14. gxh5
Rxh5 15. Qf4 Qe7 16. Qc7 Qd8 17. Qg3 Qe7 18. Rd3 O-O-O 19. Ra3 a6 20. Bd3 Be8
21. Ra4 Qd6 22. Qg4 Kb8 23. Kb1 c5 24. dxc5 Rxc5 25. Rf4 e5 26. Rb4 Bc6 27. Rc1
a5 28. Rb3 a4 29. Ra3 Qc7 30. h5 e4 31. Ne1 gxh5 32. Qe2 Qe5 33. c4 exd3 34.
Qxe5+ Rxe5 35. Nxd3 Re2 36. Rd1 Be4 37. Kc1 Bxd3 38. Raxd3 Rxd3 39. Rxd3 Bxb2+
40. Kd1 Rxf2 41. Rh3 Rf5 42. Kc2 Be5 43. Kd3 f6 44. Ke4 Rf4+ 45. Kd5 h4 46. c5
Kc7 47. Rh1 Rd4+ 48. Ke6 Kc6 49. Rb1 h3 50. Rb6+ Kxc5 51. Rxb7 h2 52. Rh7 Rd1
53. a3 h1=Q 54. Rxh1 Rxh1 55. Kf5 Kd5 56. Kg4 Rg1+ 57. Kf3 Rg3+ 58. Kf2 Ke4 59.
Ke2 Rg2+ 60. Kf1 Rh2 61. Ke1 Kd3 62. Kf1 Bd4 0-1

[Event "ESP tch Segunda División 2014"]
[Site "Linares ESP"]
[Date "2014.08.19"]
[Round "2.8"]
[White "Escobar Dominguez, Daniel"]
[Black "Bas Mas, Jose Joaquin"]
[Result "1/2-1/2"]
[WhiteElo "2338"]
[BlackElo "2278"]
[PlyCount "63"]
[EventDate "2014.08.18"]
[EventType "team-swiss"]
[EventRounds "6"]
[EventCountry "ESP"]
[Source "lmi"]
[SourceDate "2014.08.18"]
[WhiteTeam "SHAHMAT (SANLUCAR DE BARRAMEDA - CADIZ)"]
[BlackTeam "C.A. MISLATA - INFORCHESS.COM"]

1. e4 Nf6 2. e5 Nd5 3. d4 d6 4. c4 Nb6 5. exd6 cxd6 6. Nc3 g6 7. Be3 Bg7 8. Rc1
O-O 9. h3 d5 10. b3 dxc4 11. bxc4 Nc6 12. Nf3 Na5 13. Na4 Naxc4 14. Bxc4 Nxc4
15. Rxc4 b5 16. Rxc8 Rxc8 17. Nc5 Qd5 18. Qb3 Rfd8 19. O-O e5 20. Bg5 Qxb3 21.
Nxb3 f6 22. Be3 e4 23. Nfd2 f5 24. Rd1 Rc2 25. Nb1 Rxa2 26. d5 Be5 27. Bg5 Rd7
28. Nc5 Rc7 29. Ne6 Rd7 30. Nc5 Rc7 31. Ne6 Rd7 32. Be3 1/2-1/2

[Event "ESP tch Segunda División 2014"]
[Site "Linares ESP"]
[Date "2014.08.19"]
[Round "2.8"]
[White "Garcia Roman, Daniel"]
[Black "Fernandez Garcia, Jose Miguel"]
[Result "1/2-1/2"]
[WhiteElo "2390"]
[BlackElo "2353"]
[PlyCount "35"]
[EventDate "2014.08.18"]
[EventType "team-swiss"]
[EventRounds "6"]
[EventCountry "ESP"]
[Source "lmi"]
[SourceDate "2014.08.18"]
[WhiteTeam "C.A. MISLATA - INFORCHESS.COM"]
[BlackTeam "SHAHMAT (SANLUCAR DE BARRAMEDA - CADIZ)"]

1. d4 d5 2. c4 c6 3. e3 e6 4. Nf3 Nd7 5. Bd3 Ngf6 6. Nbd2 Be7 7. O-O O-O 8. e4
dxe4 9. Nxe4 Nxe4 10. Bxe4 c5 11. Be3 Qc7 12. Qe2 Nf6 13. Bc2 b6 14. dxc5 Bxc5
15. Bg5 Bb7 16. Ne5 Bd6 17. Bxf6 gxf6 18. Bxh7+ 1/2-1/2

[Event "ESP tch Segunda División 2014"]
[Site "Linares ESP"]
[Date "2014.08.19"]
[Round "2.8"]
[White "Navarrete Espi, Samuel"]
[Black "Oñate Mendez, Elias"]
[Result "1-0"]
[WhiteElo "2245"]
[BlackElo "2234"]
[PlyCount "79"]
[EventDate "2014.08.18"]
[EventType "team-swiss"]
[EventRounds "6"]
[EventCountry "ESP"]
[Source "lmi"]
[SourceDate "2014.08.18"]
[WhiteTeam "C.A. MISLATA - INFORCHESS.COM"]
[BlackTeam "SHAHMAT (SANLUCAR DE BARRAMEDA - CADIZ)"]

1. e4 c5 2. Nf3 d6 3. d4 Nf6 4. Nc3 cxd4 5. Nxd4 e6 6. Be3 a6 7. f3 b5 8. Qd2
Bb7 9. O-O-O Nbd7 10. g4 h6 11. h4 b4 12. Na4 Qa5 13. b3 Nc5 14. a3 Rc8 15.
axb4 Nxb3+ 16. Nxb3 Qxa4 17. Kb2 d5 18. Bc5 dxe4 19. Bxf8 Rxf8 20. Nc5 Qc6 21.
fxe4 Qc7 22. Bxa6 Bxa6 23. Nxa6 Qe5+ 24. Qd4 Qxd4+ 25. Rxd4 Nxg4 26. b5 Ne5 27.
b6 Nc4+ 28. Rxc4 Rxc4 29. Rh3 Rxe4 30. Rc3 Ke7 31. Rc7+ Kd6 32. c4 Re2+ 33. Kb3
Re3+ 34. Kb4 Re1 35. Kb5 Rb1+ 36. Nb4 g5 37. hxg5 hxg5 38. c5+ Ke5 39. b7 Rb8
40. c6 1-0

[Event "ESP tch Segunda División 2014"]
[Site "Linares ESP"]
[Date "2014.08.19"]
[Round "2.8"]
[White "Urbina Perez, Juan Antonio"]
[Black "Jordan Arenas, Manuel"]
[Result "0-1"]
[WhiteElo "2171"]
[BlackElo "2148"]
[PlyCount "59"]
[EventDate "2014.08.18"]
[EventType "team-swiss"]
[EventRounds "6"]
[EventCountry "ESP"]
[Source "lmi"]
[SourceDate "2014.08.18"]
[WhiteTeam "SHAHMAT (SANLUCAR DE BARRAMEDA - CADIZ)"]
[BlackTeam "C.A. MISLATA - INFORCHESS.COM"]

1. e4 e5 2. Nf3 Nc6 3. Bb5 d6 4. c3 Nf6 5. Qe2 Be7 6. d4 Bd7 7. d5 Nb8 8. Bxd7+
Nbxd7 9. c4 O-O 10. Nc3 Ne8 11. Be3 a6 12. O-O g6 13. Nd2 Bg5 14. b4 f5 15.
exf5 gxf5 16. f4 exf4 17. Bxf4 Bf6 18. Rac1 a5 19. a3 axb4 20. axb4 Ng7 21. Nb5
Ra2 22. Qd3 Ne5 23. Qb3 Rb2 24. Qa3 Nh5 25. Bxe5 Bxe5 26. Nf3 Nf4 27. Rf2 Rxf2
28. Kxf2 Bb2 29. Ke1 Nxd5 30. Ng1 0-1